00525nam a2200181Ia 450000500170000000800410001702000150005808200170007310000190009024500430010926000330015230000130018565000130019865000120021194200060022395200990022999900150032820240624052917.0240331s9999 xx 000 0 und d a8177200380 bCARa894.811 aCarriethers, M 0aBuddhar :bmikach curukkamana arimugam aputhanathambadaiyalamc2005 a152 p ., areligion ahistory cL 001040708LaWERCLbWERCLcSSCd2024-03-31l0o 894.811 CARp5519r2024-03-31w2024-03-31yL c3835d3835